Statistics for World Religions With An Empty Map

Click here to take the quiz!

General Stats

  • This quiz has been taken 1,567 times
    (1,512 since last reset)
  • The average score is 112 of 196

Answers on the Map

Answers color-coded by a green-red scale on the quiz's map according to % correct below.
 

Answer Stats

CountryBelief% Correct
AfghanistanIslam
99%
AlgeriaIslam
87%
AlbaniaIslam
86%
AndorraChristian
83%
ArgentinaChristian
69%
AustraliaChristian
69%
ArmeniaChristian
68%
AustriaChristian
68%
BarbadosChristian
67%
BahamasChristian
67%
BelgiumChristian
67%
AzerbaijanIslam
67%
BahrainIslam
67%
BelizeChristian
66%
BelarusChristian
66%
Antigua and BarbudaChristian
66%
BangladeshIslam
66%
BoliviaChristian
65%
BrazilChristian
65%
BulgariaChristian
65%
BotswanaChristian
64%
CanadaChristian
64%
BosniaIslam
64%
Burkina FasoIslam
64%
Cape VerdeChristian
63%
ChileChristian
63%
BurundiChristian
63%
Cameroonindigenous belief
63%
BeninIslam
63%
BruneiIslam
63%
ChadIslam
62%
CambodiaBuddhism
61%
BhutanBuddhism
61%
DenmarkChristian
61%
EstoniaChristian
61%
ColombiaChristian
61%
FranceChristian
61%
Costa RicaChristian
61%
CroatiaChristian
61%
CubaChristian
61%
El SalvadorChristian
61%
EcuadorChristian
61%
EgyptIslam
61%
GeorgiaChristian
60%
GabonChristian
60%
JamaicaChristian
60%
ItalyChristian
60%
GermanyChristian
60%
GhanaChristian
60%
FijiChristian
60%
GreeceChristian
60%
GrenadaChristian
60%
GuatemalaChristian
60%
Ivory CoastChristian
60%
IrelandChristian
60%
FinlandChristian
60%
LatviaChristian
60%
Federated States of
Micronesia
Christian
60%
EthiopiaChristian
60%
LithuaniaChristian
60%
LiechtensteinChristian
60%
IcelandChristian
60%
CyprusChristian
60%
Czech RepublicChristian
60%
Democratic Republic of CongoChristian
60%
DominicaChristian
60%
Dominican RepublicChristian
60%
Equatorial GuineaChristian
60%
HungaryChristian
60%
KyrgyzstanIslam
60%
KuwaitIslam
60%
KazakhstanIslam
60%
JordanIslam
60%
IraqIslam
60%
IranIslam
60%
LibyaIslam
60%
DjiboutiIslam
60%
East TimorChristian
59%
LuxembourgChristian
59%
MonacoChristian
59%
LiberiaChristian
59%
LesothoChristian
59%
MoldovaChristian
59%
MaltaChristian
59%
KiribatiChristian
59%
KenyaChristian
59%
EswatiniChristian
59%
MexicoChristian
59%
GuyanaChristian
59%
HaitiChristian
59%
HondurasChristian
59%
EritreaIslam
59%
GambiaIslam
59%
KosovoIslam
59%
GuineaIslam
59%
Guinea-BissauIslam
59%
ComorosIslam
59%
LebanonIslam
59%
IndonesiaIslam
59%
IsraelJudaism
59%
MontenegroChristian
58%
MalawiChristian
58%
MozambiqueChristian
58%
NetherlandsChristian
58%
New ZealandChristian
58%
NicaraguaChristian
58%
Marshall IslandsChristian
58%
IndiaHindu
58%
MaliIslam
58%
MauritaniaIslam
58%
MaldivesIslam
58%
MalaysiaIslam
58%
MoroccoIslam
58%
LaosBuddhism
57%
NorwayChristian
57%
North MacedoniaChristian
57%
NauruChristian
57%
NamibiaChristian
57%
NigeriaIslam
57%
NigerIslam
57%
PakistanIslam
57%
OmanIslam
57%
JapanShinto
57%
RussiaChristian
56%
RomaniaChristian
56%
PortugalChristian
56%
ParaguayChristian
56%
SerbiaChristian
56%
PhilippinesChristian
56%
PanamaChristian
56%
PolandChristian
56%
PeruChristian
56%
PalauChristian
56%
Saudi ArabiaIslam
56%
QatarIslam
56%
MyanmarBuddhism
55%
RwandaChristian
55%
SeychellesChristian
55%
Solomon IslandsChristian
55%
San MarinoChristian
55%
SamoaChristian
55%
South AfricaChristian
55%
SlovakiaChristian
55%
Republic of the CongoChristian
55%
Papua New GuineaChristian
55%
SloveniaChristian
55%
SomaliaIslam
55%
SenegalIslam
55%
Sierra LeoneIslam
55%
SpainChristian
54%
South SudanChristian
53%
Saint Kitts and NevisChristian
53%
Saint LuciaChristian
53%
Saint Vincent and the
Grenadines
Christian
53%
SudanIslam
53%
MongoliaBuddhism
52%
SwitzerlandChristian
52%
SwedenChristian
52%
SyriaIslam
52%
São Tomé and PríncipeChristian
51%
NepalHindu
51%
SingaporeBuddhism
50%
TajikistanIslam
50%
Sri LankaBuddhism
49%
South KoreaChristian
49%
Trinidad and TobagoChristian
49%
TurkeyIslam
49%
TurkmenistanIslam
49%
TunisiaIslam
49%
TongaChristian
48%
UkraineChristian
48%
United KingdomChristian
48%
United StatesChristian
48%
TogoChristian
48%
United Arab EmiratesIslam
48%
TanzaniaIslam
48%
ThailandBuddhism
47%
UruguayChristian
47%
TuvaluChristian
47%
UgandaChristian
47%
Vatican CityChristian
47%
UzbekistanIslam
47%
TaiwanBuddhism
46%
VenezuelaChristian
46%
VanuatuChristian
46%
YemenIslam
45%
ZambiaChristian
44%
ZimbabweChristian
44%
VietnamBuddhism
43%
MauritiusHindu
40%
Central African RupublicIndigenous Belief
39%
ChinaDaoist
36%
MadagascarIndigenous belief
36%
AngolaIndigenous Belief
35%
SurinameHindu
33%
North KoreaAtheist State
31%

Score Distribution

Percentile by Number Answered

Percent of People with Each Score

Your Score History

You have not taken this quiz since the last reset